Logo BPK

Biblioteka

Politechniki Koszalińskiej

Prace Naukowe. Elektryka. / (Rekord nr 37928)

Szczegóły MARC
000 -ETYKIETA REKORDU
podpole kontrolne o stałej długości 00663nam a2200205 i 4500
001 - NUMER KONTROLNY REKORDU
pole kontrolne bg
040 ## - ŹRÓDŁO KATALOGOWANIA
Instytucja, która utworzyła rekord BPK
041 0# - KOD JĘZYKA
Kod języka tekstu pl
Kod języka streszczenia lub abstraktu enru
080 ## - UNIWERSALNA KLASYFIKACJA DZIESIĘTNA - UKD
UKD 621.3
008 - POLE O STAŁEJ DŁUGOŚCI - DANE KONTROLNE
podpole kontrolne o stałej długości s pl f |000 0 pol
245 ## - TYTUŁ/ODPOWIEDZIALNOŚĆ
Tytuł Prace Naukowe. Elektryka. /
Pozostałe elementy strefy tytułu i oznaczenia odpowiedzialności Politechnika Warszawska
Oznaczenie części/sekcji dzieła Z.
-- 05.
260 ## - STREFA ADRESU WYDAWNICZEGO
Miejsce wydania Warszawa :
Nazwa wydawcy/dystrybutora Oficyna Wydawnicza PW,
Data publikacji, dystrybucji/powstania dokumentu 1998.
300 ## - STREFA OPISU FIZYCZNEGO
Objętość 159 s. :
Inne cechy fizyczne rys., wykr. ;
Rozmiary 24 cm.
490 1# - STREFA SERII I DOKUMENTU WIELOCZĘŚCIOWEGO - FORMA NIE DO WYSZUKIWANIA
ISSN 0137-2319
505 ## - SFORMALIZOWANA UWAGA DOTYCZĄCA ZAWARTOŚCI
Pełny tekst uwagi Zeszyt zawiera artykuły przygotowane przez współpracowników Instytutu Elektroenergetyki Wydziału Elektrycznego.
650 #9 - HASŁO PRZEDMIOTOWE W FORMIE NAZWY OGÓLNEJ LUB JEDNOSTKOWEJ
Nazwa ogólna lub geograficzna Elektrotechnika
Określnik ogólny zagadnienia
710 #0 - HASŁO DODATKOWE - NAZWA CIAŁA ZBIOROWEGO
Nazwa ciała zbiorowego lub jednostki geograficznej Politechnika Warszawska
830 ## - HASŁO DODATKOWE SERII LUB DOKUMENTU WIELOCZĘŚCIOWEGO - TYTUŁ UJEDNOLICONY
-- 0137-2319
856 ## - LOKALIZACJA I DOSTĘP DO ELEKTRONICZNYCH DOKUMENTÓW ZDALNYCH
Link (URL) http://koha.tu.koszalin.pl/cgi-bin/koha/opac-detail.pl?biblionumber=37928
Tekst linku Katalog online BPK
942 ## - DODATKOWE ELEMENTY (KOHA)
Typ dokumentu Książka
Egzemplarze
Wycofany Status egzemplarza Uszkodzony Dostępność Lokalizacja stała Lokalizacja bieżąca Miejsce przechowywania Sygnatura Kod kreskowy Typ dokumentu
      Dostępny Biblioteka Politechniki Koszalińskiej Biblioteka Politechniki Koszalińskiej Wypożyczalnia BG 54334 01508147 Książka
© 2023 Biblioteka Politechniki Koszalińskiej :: KOHA